[Event "58. BEM 2004"]
[Site "Dortmund"]
[Date "2004.03.02"]
[Round "2.10"]
[White "Krüger, Georg"]
[Black "Mrozinski, Werner"]
[Result "0-1"]
[WhiteElo "1753"]
[BlackElo "1965"]
[Annotator "Fritz 7 (15s)"]
[PlyCount "48"]
[EventDate "2004.??.??"]
[Source "SG Dortmund"]
[SourceDate "2004.12.16"]

{B01: Scandinavian Defence
} 1. e4 d5 2. exd5 Qxd5 3. Nc3 Qa5 4. d4 c6 5. Bc4
Bf5 6. Nge2 e6 7. O-O Bd6 (7... Nd7 8. Ng3 Bg6 9. Qe2 O-O-O 10. Nce4 Ngf6 11.
c3 h5 12. Ng5 h4 13. N3e4 Nxe4 14. Nxe4 Be7 15. Bf4 Nb6 16. Bd3 Nd5 17. Bd2 Qc7
18. Ng5 Bh5 19. Qe4 Bd6 20. h3 Bf4 21. Bxf4 Nxf4 22. Qe3 {
Goldberg,A-Michaelsen,N/Germany 1993/GER-chT/1/2-1/2 (33)}) 8. a3 $146 {
Befestigt b4} (8. Bd3 Bxd3 9. Qxd3 Nf6 10. Ne4 Nxe4 11. Qxe4 O-O 12. Bf4 Bxf4
13. Nxf4 Nd7 14. Rfe1 Nf6 15. Qe5 Qb6 16. Nd3 Rad8 17. c3 Rd5 18. Qg3 Rc8 19.
Re3 Qc7 20. Rae1 Qxg3 21. hxg3 Nd7 22. f3 c5 23. dxc5 Nxc5 24. Nxc5 Rcxc5 25.
R3e2 Kf8 26. Kf2 Ke7 27. Rc2 {
1/2-1/2 Spiesberger,G-Pierer,C/Bayern 1999/EXT 2000 (27)}) (8. Ng3 Bg6 9. Nce4
Be7 10. Bf4 Qd8 11. Re1 (11. c3 Nd7 12. Bb3 Ndf6 13. Qf3 Nxe4 14. Nxe4 Nf6 15.
Nc5 Qc8 16. Rfe1 Nd5 17. Be5 O-O 18. Qg3 b6 19. Ne4 Qd8 20. c4 Nf6 21. Nc3 Qd7
22. Rad1 Rfe8 23. d5 exd5 24. cxd5 Ng4 25. dxc6 Qf5 26. Bd4 Bg5 27. h3 Nf6 28.
Rxe8+ Rxe8 29. Bxf6 Bxf6 30. Nd5 h6 31. Nxf6+ gxf6 32. c7 Rc8 33. Bc2 {
1-0 Okhotnik,V-Riedner,M/Frohnleiten 2000/EXT 2002 (33)}) 11... Nf6 12. Nxf6+
gxf6 13. c3 Nd7 14. Qb3 Nb6 15. Bxe6 fxe6 16. Qxe6 Nd5 17. Bd6 Kf8 18. Bxe7+
Qxe7 19. Qg4 Qf7 20. c4 Nc7 21. Qf4 Kg7 22. Nf5+ Bxf5 23. Qxf5 Rhe8 24. b3
Rxe1+ 25. Rxe1 Re8 26. Re3 Rxe3 27. fxe3 Qe6 28. Qf4 Qd7 29. g4 Ne6 30. Qg3 Qc7
31. Qg2 Qd6 32. h3 Ng5 33. h4 Nf7 34. g5 fxg5 35. hxg5 Qe6 36. Kf2 Nxg5 37. Ke2
h6 38. Kd3 Qf7 39. e4 Qf3+ 40. Qxf3 Nxf3 41. e5 Kf7 42. Ke4 Nxd4 43. Kxd4 Ke6
44. Ke4 c5 45. Kf4 h5 46. Kg5 Kxe5 47. Kxh5 Kd4 48. Kg5 Kc3 {
0-1 Miessner,R-Heslenfeld,P/Dresden 2001/CBM 84 ext (48)}) 8... Qc7 9. g3 {
Ueberdeckt f4} 9... Nd7 10. Re1 O-O-O 11. b4 h5 12. b5 Nb6 13. Bb3 (13. Bd3 $5
{ist bedenkenswert} 13... Bxd3 14. Qxd3 $11) 13... c5 $17 14. Na4 Nxa4 15. Bxa4
h4 16. c3 Nf6 17. Bf4 Bxf4 18. Nxf4 g5 19. Nd3 (19. Ng2 $142 $19) 19... hxg3
20. fxg3 cxd4 (20... Rxh2 $142 $1 {und aller Vorteil laege nun bei Schwarz} 21.
Kxh2 Rh8+ 22. Kg2 Bh3+ 23. Kf2 Bg4 $19) 21. cxd4 $15 Kb8 22. Ne5 (22. Rc1 $5
Qb6 23. Nc5 $17) 22... Qb6 $17 23. Nxf7 $4 {das letzte Eigentor. .} (23. Nc4
$142 Qxd4+ 24. Qxd4 Rxd4 25. Bb3 $17) 23... Rxd4 $19 24. Qf3 Rxa4+ (24... Rxa4+
25. Qe3 Qxe3+ 26. Rxe3 Rxh2 $19) (24... Rd3+ 25. Qf2 Qxf2+ 26. Kxf2 Rxh2+ 27.
Kg1 Rdd2 28. Rad1 Rdg2+ 29. Kf1 Nh5 30. Rd8+ Kc7 31. Re3 Be4 32. b6+ Kxb6 33.
Rd6+ Ka5 34. Rd5+ exd5 35. Rf3 Bxf3 36. Nxg5 Rh1#) 0-1

[Event "58. BEM 2004"]
[Site "Dortmund"]
[Date "2004.03.02"]
[Round "2.11"]
[White "Raszelenberg, Patrick"]
[Black "Zeldin, Vitali"]
[Result "0-1"]
[WhiteElo "1747"]
[BlackElo "1918"]
[Annotator "Fritz 7 (15s)"]
[PlyCount "46"]
[EventDate "2004.??.??"]
[Source "SG Dortmund"]
[SourceDate "2004.12.16"]

{B78: Sicilian Dragon: Yugoslav Attack, 9 Bc4 Bd7 10 0-0-0 Rc8
} 1. e4 c5 2.
Nf3 d6 3. d4 cxd4 4. Nxd4 Nf6 5. Nc3 g6 6. Bc4 Bg7 7. Be3 O-O 8. f3 Nc6 9. Qd2
Bd7 10. O-O-O Rc8 11. Bb3 Nxd4 12. Bxd4 b5 13. g4 (13. Nd5 Nxd5 14. Bxg7 Kxg7
15. exd5 a5 16. a3 Qb6 17. Rhe1 Rfe8 18. g4 b4 19. a4 Qc5 20. Kb1 e5 21. dxe6
Bxe6 22. h4 Bxb3 23. cxb3 Rxe1 24. Rxe1 h5 25. Ka2 hxg4 26. fxg4 Rh8 27. Qf4
Rxh4 28. Rf1 Qe5 29. Qxf7+ Kh6 30. Rf6 Rxg4 31. Re6 Qg7 32. Qf3 Qd4 33. Qf8+
Kh5 34. Rxd6 Qe5 35. Qd8 Rg5 36. Rd7 Kg4 37. Rd1 Qe3 38. Rd4+ Qxd4 39. Qxd4+
Kh5 40. Qh8+ Kg4 41. Qg7 Kh5 42. Qh7+ Kg4 43. Kb1 Kf5 44. Qf7+ Ke4 45. Qf6 {
1-0 Anand,V-Tiviakov,S/Wijk aan Zee 2001/CBM 81 (45)}) (13. e5 dxe5 14. Bxe5
Bc6 15. Qxd8 Rfxd8 16. Rhe1 e6 17. a4 bxa4 18. Nxa4 Rxd1+ 19. Rxd1 Bd5 20. Rd3
Nh5 21. Bxg7 Bxb3 22. Rxb3 Kxg7 23. g3 Rc7 24. Rc3 Rd7 25. Nc5 Rd5 26. Ne4 Nf6
27. Nxf6 Kxf6 28. Rc7 a5 29. c4 Rd3 30. f4 Rf3 31. c5 e5 32. fxe5+ Kxe5 33. Rd7
Ke6 34. Rd6+ Ke5 35. Rd7 Ke6 {
1/2-1/2 Pogonina,N-Vakhania,A/Halkidiki 2001/EXT 2002 (35)}) 13... a5 14. Bd5
$146 (14. a3 b4 15. axb4 axb4 16. Na2 Ra8 17. h4 e5 18. Be3 Ba4 19. Qxb4 Bxb3
20. Qxb3 Qc7 21. Kb1 Rfb8 22. Qc3 Qb7 23. Rxd6 Qb5 24. Rc6 Qa4 25. Qc4 Qa5 26.
Rc7 Qa3 27. Qxf7+ Kh8 28. Qxg7# {
1-0 Cominato Neto,J-Pinto Matienzo,J/Matinhos 1999/EXT 2001 (28)}) (14. e5 dxe5
15. Bxe5 Bc6 $11) 14... Qc7 (14... e5 $142 15. Be3 b4 $17) 15. e5 $4 (15. Qf2
$142 $15 {nur damit konnte man noch auf Rettung hoffen}) 15... dxe5 $19 16. Be3
Rfd8 (16... b4 $142 $19 {liesse Weiss keine Chance}) 17. Qe2 $2 (17. Qf2 $5 e4
18. Bb6 Qf4+ 19. Kb1 $15) 17... e6 (17... b4 $142 18. Ne4 Nxd5 19. Rxd5 a4 $19)
18. g5 $4 {ein Fehler, doch es war nicht viel zu retten} (18. Be4 $142 $17)
18... Nxd5 $19 (18... exd5 $6 19. gxf6 Bf5 20. Rxd5 $17) 19. Nxd5 exd5 20. h4 (
20. Rxd5 {bietet noch letzte Rettungschancen} 20... Qxc2+ $1 {
Zerstoerung der Bauerndeckung} 21. Qxc2 Rxc2+ 22. Kxc2 Bf5+ 23. Kc1 Rxd5 24. h4
$19) 20... Bf5 21. Rd2 (21. Rh2 $19 {waere noch eine kleine Chance}) 21... d4
22. Bf2 d3 23. Qd1 Qc4 (23... Qc4 24. Bc5 Rxc5 $19) 0-1

[Event "58. BEM 2004"]
[Site "Dortmund"]
[Date "2004.03.02"]
[Round "2.12"]
[White "Borjini, Mohamed"]
[Black "Schultz, Bernfried"]
[Result "1-0"]
[WhiteElo "1918"]
[BlackElo "1611"]
[Annotator "Fritz 7 (15s)"]
[PlyCount "73"]
[EventDate "2004.??.??"]
[Source "SG Dortmund"]
[SourceDate "2004.12.16"]

{B07: Pirc Defence: Miscellaneous Systems
} 1. e4 d6 2. d4 Nf6 3. Nc3 g6 4. f3
c6 5. Be3 b5 6. Qd2 Ba6 (6... Bb7 7. Bd3 Nbd7 8. Nh3 e5 9. O-O exd4 10. Bxd4
Bg7 11. a4 b4 12. Ne2 a5 13. c3 Ne5 14. c4 O-O 15. b3 Nxd3 16. Qxd3 d5 17. cxd5
cxd5 18. e5 Nd7 19. f4 Qe7 20. Qe3 Ba6 21. Rfe1 Rfe8 22. Ng3 f5 23. Ng5 Rac8
24. Rac1 h6 25. Nf3 Rxc1 26. Rxc1 Qe6 27. h4 h5 28. Ng5 Qe7 29. Rc6 Bb7 {
1-0 Mencinger,V-Orel,O/SLO 1991/EXT 98 (29)}) 7. O-O-O $146 (7. b4 Bb7 8. a4
bxa4 9. Nxa4 Nbd7 10. Rb1 Qc7 11. Bd3 Bg7 12. Ne2 O-O 13. O-O e5 14. c4 exd4
15. Nxd4 Ne5 16. Be2 d5 17. exd5 cxd5 18. c5 Rfe8 19. b5 Nc4 20. Bxc4 dxc4 21.
c6 Bc8 22. b6 axb6 23. Nxb6 Rb8 24. Bf4 Qa7 25. Bxb8 Qxb8 26. Nxc4 Qa7 27. Kh1
Ba6 28. Nb5 Qc5 29. Ncd6 Qxc6 30. Nxe8 Nxe8 31. Rfc1 {
1-0 Colin,V-Delaire,E/Fouesnant 1998/EXT 2001 (31)}) 7... Qa5 8. Kb1 b4 9. Nce2
Nbd7 10. g4 Rb8 11. g5 Nh5 12. Bh3 Nb6 13. b3 {Deckt a4+c4} 13... Bg7 14. f4
O-O 15. Bg4 c5 16. f5 {Raumvorteil} 16... c4 17. Qe1 c3 (17... Bb7 18. Bf3 $11)
18. Bxh5 (18. Bc1 $142 $16) 18... Nc4 $19 19. Bc1 (19. bxc4 Bxc4) 19... Na3+
20. Bxa3 Qxa3 21. Nxc3 bxc3 22. Qxc3 gxh5 23. Nh3 Rfc8 24. Qb2 Qa5 25. Nf4 h4 (
25... Bb7 $5 26. Rhe1 Bxe4 27. Rxe4 Qxf5 28. Rxe7 Qxf4 29. Qc1 Qxh2 30. Rf1 $19
) 26. Nd5 $17 Kf8 $4 {wirft den Vorteil weg} (26... Bf8 $142 $17) 27. f6 $14
exf6 28. gxf6 Bh6 29. Rhg1 Ke8 30. Ne7 {Der Springer ist hier stark postiert}
30... Rc7 31. d5 {Weiss erobert Raum} 31... Qc5 32. e5 dxe5 (32... Kd7 33. exd6
Qxd6 34. Nf5 $16) 33. Nc6 $16 Rbc8 $4 {fuehrt zu weiterem Ungemach} (33... Rxc6
$142 34. dxc6 Kf8 $16) 34. Qxe5+ $18 Kd7 35. Qf5+ $4 {
danach kann Weiss alle Traeume begraben} (35. Qh5 $142 {
und Schwarz kann direkt aufgeben} 35... Rh8 36. Rge1 $18) 35... Kd6 $16 36.
Rge1 Rd7 $4 (36... Qc3 $142 {war relativ besser} 37. b4 Rd7 $14) 37. Qe5# 1-0

[Event "58. BEM 2004"]
[Site "Dortmund"]
[Date "2004.03.02"]
[Round "2.13"]
[White "Ziemek, Gerhard"]
[Black "Thormann, Olaf"]
[Result "0-1"]
[WhiteElo "1740"]
[BlackElo "1900"]
[Annotator "Fritz 7 (15s)"]
[PlyCount "88"]
[EventDate "2004.??.??"]
[Source "SG Dortmund"]
[SourceDate "2004.12.16"]

{B21: Sicilian: 2 f4 and Morra Gambit
} 1. e4 c5 2. f4 d5 3. exd5 Qxd5 4. Nc3
Qe6+ 5. Be2 Bd7 $146 (5... Nc6 6. Nf3 Nd4 7. Ne5 (7. Nxd4 cxd4 8. Nb5 Qb6 9. c3
dxc3 10. dxc3 Bd7 11. a4 a6 12. Na3 Be6 13. Nc4 Qc7 14. Ne5 Nf6 15. a5 g6 16.
Qa4+ Nd7 17. Be3 Bg7 18. Nf3 O-O 19. Rd1 Nf6 20. O-O Nd5 21. Bc1 Rad8 22. Kh1
Bd7 23. Qc4 Qxc4 24. Bxc4 Bb5 25. Bxb5 axb5 26. Ne5 e6 27. Bd2 Ra8 28. Nd3 Rfc8
29. Ra1 Rc6 30. g3 Bf8 31. Rfc1 f6 32. Kg1 Kf7 33. Kf1 Rd8 34. Ke2 h6 35. Rf1
Ra6 36. Nc1 b4 37. c4 Nc7 38. Nb3 Rc6 39. Rac1 Na6 40. Be3 Rdc8 41. Rfd1 Ke8 {
Tkachiev,V-Portisch,L/Tilburg 1994/CBM 44/1/2-1/2 (54)}) 7... Qb6 8. O-O Nf6 9.
Bc4 Be6 10. d3 g6 11. Be3 Bxc4 12. Nxc4 Qc7 13. Bxd4 cxd4 14. Nb5 Qd7 15. Qe2
Bg7 16. Nbd6+ Kf8 {1-0 Mas,H-Czebe,A/Budapest 1997/CBM 57 ext (16)}) (5... Nf6
6. Nf3 g6 (6... Nc6 7. O-O Qd6 8. Nb5 Qd8 9. d3 a6 10. Nc3 e6 11. Qe1 Be7 12.
Qg3 Nh5 13. Qf2 Nf6 14. Ne5 Nd4 15. Bd1 Qc7 16. Ne2 O-O 17. Ng3 Nd7 18. c3 Nf5
19. Nxf5 exf5 20. Re1 Nf6 21. Bb3 {
Nitsch,T-Reichenbacher,G/Bad Laasphe 1994/EXT 99/0-1 (31)}) 7. d4 Nbd7 8. Nb5
Qc6 9. Ne5 Nxe5 10. fxe5 Ng4 11. d5 Qd7 12. d6 Kd8 13. dxe7+ Kxe7 14. Bxg4 Qxb5
15. Bg5+ f6 16. Bxf6+ Ke8 17. Qd8+ Kf7 18. Qd5+ Ke8 19. Bxc8 {
1-0 Buchnicek,P-Virostko,P/CZE 1996/EXT 2000 (19)}) 6. Nf3 h6 {Kontrolliert g5}
(6... Nc6 7. d3 $14) 7. O-O Nf6 8. d4 cxd4 9. Nxd4 Qb6 10. Kh1 Nc6 11. Ndb5 a6
12. Na3 Qd4 13. Bd2 e6 {Verhindert das Eindringen auf d5} 14. Nc4 b5 15. Ne3
Rd8 16. Ng4 (16. Bf3 $142 $5 $11 {ist eine Alternative}) 16... Nxg4 $17 17.
Bxg4 Be7 18. Qe2 O-O 19. Rad1 Qc4 (19... Qf6 20. Be3 b4 21. Ne4 Qxb2 22. Qc4
$15) 20. Qe1 (20. Qxc4 $142 $5 {und Weiss kann noch kaempfen} 20... bxc4 21.
Be2 $14) 20... Nd4 $17 21. Rc1 Bc6 22. Be3 (22. b3 Qc5 23. Be3 Qa3 $17) 22...
Bf6 (22... b4 $142 $5 23. Ne2 Nxe2 24. Qxe2 Qxa2 $17) 23. b3 $15 Qc5 24. Ne2
Qd5 25. Rf2 Nxe2 26. Bxe2 $2 (26. Rxe2 $142 $5 {und Weiss spielt mit} 26... Qd6
27. c4 $15) 26... Bh4 $17 27. Bf3 Bxf2 28. Qxf2 Qd7 29. h3 Bxf3 30. Qxf3 Qd5
31. Qf2 Rc8 32. c3 Rfd8 33. Rc2 Qe4 34. b4 $2 (34. Rd2 $19) 34... Rd3 35. Bc5
Rxh3+ 36. Kg1 Rd3 37. Re2 Qf5 38. Re5 Rd1+ 39. Kh2 Qb1 40. Bd4 (40. Qe2 {
waere gleichermassen fruchtlos} 40... Qc1 41. Qe3 Rh1+ 42. Kg3 Qc2 $19) 40...
Rh1+ 41. Kg3 Qg6+ 42. Kf3 Qd3+ (42... h5 $142 $5 {
erleichterte Schwarz die Gewinnfuehrung} 43. Qe2 Qg4+ 44. Ke3 Qg3+ 45. Qf3 Qe1+
46. Qe2 Qc1+ 47. Kf2 Qxf4+ 48. Qf3 Qh4+ 49. g3 $19) 43. Re3 Qc4 44. Re4 (44.
Qe2 $19) 44... Rf1 (44... Rf1 45. Ke3 Rxf2 46. Kxf2 Qxa2+ 47. Re2 Qc4 $19) 0-1

[Event "58. BEM 2004"]
[Site "Dortmund"]
[Date "2004.03.02"]
[Round "2.14"]
[White "Grube, Jörg"]
[Black "Gerke, Dieter"]
[Result "1-0"]
[WhiteElo "1887"]
[BlackElo "1484"]
[Annotator "Fritz 7 (15s)"]
[PlyCount "55"]
[EventDate "2004.??.??"]
[Source "SG Dortmund"]
[SourceDate "2004.12.16"]

{B90: Sicilian Najdorf: Unusual White 6th moves, 6 Be3 Ng4 and 6 Be3 e5
} 1. e4
c5 2. Nf3 d6 3. d4 cxd4 4. Nxd4 Nf6 5. Nc3 a6 6. Be3 e5 7. Nb3 Be6 8. Qd2 Be7
9. f3 Nc6 10. O-O-O (10. Nd5 Bxd5 (10... Nxd5 11. exd5 Bxd5 12. Qxd5 Nb4 13.
Qd2 d5 14. a3 d4 15. axb4 dxe3 16. Qxd8+ Rxd8 17. b5 axb5 18. Bxb5+ {
1-0 Lebermann,H-Wallmeier,B/Bad Wildbad 2001/EXT 2002 (18)}) 11. exd5 Nb8 12.
O-O-O Nbd7 13. Kb1 Qc7 14. c4 a5 15. a4 Nb6 {
1/2-1/2 Relange,E-Miralles,G/Meribel 1998/CBM 67 (15)}) 10... Rc8 $146 (10...
b5 11. g4 Na5 (11... h6 12. h4 Rc8 13. Rg1 Na5 14. Nxa5 Qxa5 15. Kb1 g5 16.
hxg5 hxg5 17. Nd5 Qxd2 18. Nxf6+ Bxf6 19. Rxd2 Be7 20. a4 Bd7 21. axb5 axb5 22.
Rd5 Rb8 23. Rd1 Be6 24. Bd3 Kd7 25. Rh1 Rxh1 26. Rxh1 {
Kiss,G-Kovacs,A/Paks 1995/EXT 99/1-0 (41)}) 12. Kb1 Nc4 13. Bxc4 bxc4 14. Nc1
Rb8 15. g5 Nd7 16. h4 Nb6 17. h5 Qd7 18. Ka1 Na4 19. Nxa4 Qxa4 20. Ne2 Qb5 21.
Rb1 a5 22. Nc3 Qb4 23. a3 Qb7 24. Nd5 Bxd5 25. exd5 Qb5 26. f4 f6 27. f5 Kd7
28. h6 gxh6 29. Rxh6 fxg5 30. c3 Rhf8 31. Rf1 Bf6 32. Bxg5 Bxg5 33. Qxg5 Qxd5
34. f6 Qf7 35. Qg4+ Qe6 36. Qe4 d5 37. Qc2 Qb6 38. Qf5+ Qe6 39. Qc2 Qc6 40.
Qf5+ Kd6 41. Rh5 Rfe8 42. Rxh7 {
1/2-1/2 Tabakova,I-Miteva,D/Pernik 1992/EXT 98 (42)}) (10... O-O 11. g4 Rc8 12.
Kb1 b5 13. Nd5 Bxd5 14. exd5 Nb8 15. h4 Nbd7 16. h5 Nb6 17. Bxb6 Qxb6 18. g5
Nd7 19. Bh3 Rc7 20. g6 f5 21. gxh7+ Kh8 22. Rdg1 f4 23. Qg2 Bf6 24. Bxd7 Rxd7
25. Nd2 Qd4 26. Ne4 Qxd5 27. h6 Qf7 28. Rh5 d5 29. Nxf6 Qxf6 30. Rf5 Qe7 31.
hxg7+ Qxg7 32. Rxf8+ {1-0 McShane,L-Bjornsson,T/Internet ICC 2000/EXT 2001 (32)
}) 11. Qf2 Nd7 12. g4 (12. h4 Nb4 $11) 12... Na5 13. Kb1 Nxb3 14. axb3 Qa5 15.
h4 h6 {Sichert g5} 16. Rg1 Qb4 (16... b5 17. g5 $11) 17. Bd3 (17. Nd5 $5 {
kam sehr in Betracht} 17... Bxd5 18. Rxd5 $14) 17... Nc5 18. Be2 Nxb3 19. cxb3
Rxc3 $1 {Zerstoerung der Bauerndeckung} 20. Bd2 (20. bxc3 Qxb3+) 20... Qxb3 $4
{gibt den Vorteil aus der Hand} (20... Qc5 $142 21. Qxc5 Rxc5 $17 (21... dxc5
$4 22. Bxc3 Bxb3 23. Rd2 $18)) 21. Bxc3 $16 O-O 22. Rd3 Rc8 23. Rgd1 (23. Kc1
b5 24. Bd1 Qc4 $11) 23... b5 (23... Qa2+ $5 {ist erwaegenswert} 24. Kc1 Bb3 $11
) 24. Qb6 $16 (24. Rxd6 Rxc3 25. Bc4 Bxc4 26. Rd8+ Kh7 27. Rh8+ Kxh8 28. Rd8+
Bxd8 29. Qc2 Qxc2+ 30. Ka1 Qd1#) 24... Qa2+ 25. Kc1 (25. Kc2 Bb3+ 26. Kd2 Bxd1
27. Bxd1 Re8 $16) 25... Bxh4 (25... Bd8 26. Qxd6 Ba5 $16) 26. Qxd6 $4 {
und raufte sich die Haare} (26. Kd2 $142 Bb3 27. Qxd6 Bxd1 28. Bxd1 $16 (28.
Kxd1 Qb1+ 29. Kd2 b4 $19)) 26... Bg5+ 27. R1d2 (27. R3d2 {
aendert nichts am Ausgang der Partie} 27... Rxc3+ $1 {
Beseitigt den Bauernschutz} 28. bxc3 Bb3 29. Qf8+ Kxf8 30. Bd3 Qa1+ 31. Bb1
Qa3#) 27... Qxb2+ (27... Qa1+ 28. Kc2 Bb3+ 29. Kxb3 Qa4#) 28. Kxb2 $18 (28.
Kxb2 Re8 29. Rc2 $18) 1-0

[Event "58. BEM 2004"]
[Site "Dortmund"]
[Date "2004.03.02"]
[Round "2.15"]
[White "Woestmann, Ulrich"]
[Black "Gorval, Evgueni"]
[Result "0-1"]
[WhiteElo "1972"]
[BlackElo "2089"]
[Annotator "Fritz 7 (15s)"]
[PlyCount "70"]
[EventDate "2004.??.??"]
[Source "SG Dortmund"]
[SourceDate "2004.12.16"]

{C01: French: Exchange Variation
} 1. e4 e6 2. d4 d5 3. exd5 exd5 4. Bd3 Nc6 5.
c3 Bd6 6. h3 Nge7 7. Nd2 (7. Qh5 g6 8. Qf3 Bf5 9. Ne2 Bxd3 10. Qxd3 Qd7 11. Bf4
O-O-O 12. Bxd6 Qxd6 13. Nd2 Rhe8 14. O-O-O Ng8 15. Rhe1 Re7 16. Ng3 Rde8 17.
Rxe7 Rxe7 18. Nf3 f5 19. Re1 Nf6 20. Rxe7 Qxe7 21. Qe2 Qxe2 22. Nxe2 Ne4 23.
Nf4 Nxf2 24. Nxd5 Ne4 25. Nd2 Ng5 26. Kd1 Nf7 27. Ke2 h6 28. Kf3 {
1/2-1/2 Bianchi,G-Fiorito,F/Buenos Aires 1989/EXT 97 (28)}) (7. Nf3 Bf5 8. O-O
Qd7 9. Re1 O-O-O 10. Bxf5 Qxf5 11. Be3 Kb8 12. Nbd2 h6 13. Qb1 Qh5 14. Qd3 g5
15. Nh2 f5 16. f3 Rdg8 17. Ndf1 Qf7 18. Qd2 Rg7 19. b4 f4 20. Bf2 Nf5 21. Qe2
Nd8 {Schnorrberger,R-Sauer,F/Leimen 2001/EXT 2002/0-1 (44)}) 7... Ng6 8. Ne2
Qg5 $146 (8... Qf6 9. Nf3 h6 10. Qc2 Nce7 11. Bd2 c6 12. O-O-O Bf5 13. Rhe1
O-O-O 14. Ng3 Bxd3 15. Qxd3 Nf4 16. Bxf4 Bxf4+ 17. Kc2 g6 18. Re2 Rde8 19. Rde1
Kd8 20. Kd1 h5 21. Nf1 Nc8 22. Rxe8+ Rxe8 23. Rxe8+ {
Hummer,J-Lee Wang Sheng/Portsmouth 2000/EXT 2001/0-1 (43)}) 9. g3 {Befestigt f4
} 9... Qf6 10. f4 Nh4 (10... O-O 11. Nf1 Nce7 12. Ne3 $11) 11. Kf2 (11. gxh4
Qxh4+ 12. Kf1 Bxh3+ 13. Kg1 Bxf4 14. Rxh3 Qxh3 15. Nxf4 Qg3+ 16. Kh1 Qxf4 17.
Nf3 $11) 11... Ng6 12. Nf3 h5 13. Re1 Nce7 (13... Bxh3 14. f5 {
Die Raeumung erlaubt c1-g5} 14... Bxf5 15. Bg5 $18) 14. Neg1 (14. f5 $142 $5 {
sieht gut aus} 14... Bxf5 15. Bg5 $11) 14... h4 $17 15. Bxg6 $2 (15. g4 $142
Nxf4 16. Bc2 $17) 15... hxg3+ $19 (15... fxg6 $6 16. g4 $11 (16. Nxh4 $143 g5
17. Nhf3 g4 18. hxg4 Bxg4 $17)) 16. Kg2 Qxg6 (16... fxg6 $6 17. Qb3 Rh5 18. a4
$17) 17. Ne5 Qh7 18. Ng4 Bf5 19. Kxg3 Qh4+ 20. Kg2 Bxg4 (20... Be4+ $142 $5 {
erleichterte Schwarz die Gewinnfuehrung} 21. Rxe4 dxe4 22. Ne5 $19) 21. hxg4
O-O-O 22. Be3 f5 23. g5 Ng6 24. Qf3 Bxf4 25. Kf1 Kb8 (25... Bg3 {ist genauer}
26. Bf2 f4 27. Qg2 $19) 26. Re2 Bxg5 27. Bf2 Qf4 28. Rae1 Bf6 29. Bg3 Qg5 30.
Rg2 f4 31. Bxf4 {Motiv: Raeumung fuer den Zug g2-g6.} 31... Qxf4 {
Ablenkung von g6} (31... Nxf4 32. Rxg5) 32. Rxg6 Qd6 33. Ke2 $4 {
Weiss verkuerzt seine Leiden} (33. Nh3 $19) 33... Rde8+ 34. Kd1 (34. Kd2 {
holt die Kuh nicht vom Eis} 34... Rxe1 35. Rxf6 Qh2+ (35... Rxg1 $6 {
scheitert an} 36. Rxd6 cxd6 37. Qxd5 $11) 36. Qf2 Qxf2+ (36... Rxg1 $6 {
waere hingegen schwach, denn} 37. Rf8+ Rxf8 38. Qxh2 $19) 37. Rxf2 Rxg1 $19)
34... Rxe1+ 35. Kxe1 Bh4+ (35... Bh4+ 36. Rg3 Bxg3+ 37. Kd1 Qg6 $19) 0-1

[Event "58. BEM 2004"]
[Site "Dortmund"]
[Date "2004.03.02"]
[Round "2.16"]
[White "Büchle, Manfred"]
[Black "Starp, Klaus"]
[Result "1/2-1/2"]
[WhiteElo "1959"]
[BlackElo "1892"]
[Annotator "Fritz 7 (15s)"]
[PlyCount "52"]
[EventDate "2004.??.??"]
[Source "SG Dortmund"]
[SourceDate "2004.12.16"]

{B92: Sicilian Najdorf: 6 Be2
} 1. e4 c5 2. Nf3 d6 3. d4 cxd4 4. Nxd4 Nf6 5.
Nc3 a6 6. Be2 e5 7. Nb3 Be7 8. Be3 Be6 9. O-O Nbd7 10. f4 exf4 11. Bxf4 {
Faellt d6?} (11. Rxf4) 11... O-O (11... Ne5 12. Kh1 Rc8 13. Nd4 Qd7 14. Bxe5
dxe5 15. Nxe6 Qxe6 16. Nd5 Qc6 17. c3 Rd8 18. Nxf6+ Bxf6 19. Qc2 O-O 20. Rad1
h6 21. Rfe1 Bh4 22. Rf1 Be7 23. a3 Bc5 24. h3 Bb6 25. Rxd8 Rxd8 26. Qb3 Qc7 27.
Rxf7 Qxf7 28. Bc4 Rd1+ 29. Kh2 Bg1+ 30. Kg3 Rd3+ 31. Kg4 h5+ 32. Kg5 Be3+ 33.
Kh4 Bf2+ 34. g3 Bxg3+ 35. Kg5 Bf4+ 36. Kh4 g5# {
0-1 Sijpkens,M-Spoelman,W/Bagneux 2001/EXT 2002 (36)}) 12. Bf3 $146 (12. Qe1
Ne5 13. Qg3 Ng6 14. Bg5 Rc8 15. Rad1 Rxc3 16. Qxc3 Nxe4 17. Bxe7 Nxc3 18. Bxd8
Nxe2+ 19. Kf2 Rxd8 20. Kxe2 Bc4+ 21. Kf2 Bxf1 22. Kxf1 b6 23. Nd4 Ne7 24. Rd3
Kf8 25. Rb3 Rb8 26. Rc3 Rb7 27. Ra3 a5 28. b4 Ke8 29. bxa5 bxa5 30. Rxa5 Kd7 {
1/2-1/2 Grimsholm,O-Shishkov,A/Hallsberg 1999/EXT 2000 (30)}) (12. Kh1 Ne5 13.
Nd4 Rc8 14. Nf5 Bxf5 15. Bxe5 Be6 16. Bf4 Bc4 17. Bxc4 Rxc4 {
1-0 Markova,K-Bardacheva,A/Tallinn 1997/EXT 98 (17)}) 12... Rc8 13. Kh1 (13.
Bxd6 $2 {wird widerlegt durch} 13... Qb6+ 14. Qd4 Qxd4+ 15. Nxd4 Bxd6 $19)
13... Ne5 14. Nd4 b5 15. Nxe6 fxe6 16. Bxe5 dxe5 17. a3 Qxd1 18. Rfxd1 (18.
Nxd1 $2 Nxe4 {Motiv: Abzugsangriff} 19. Ne3 Nd2 $19) 18... a5 19. Rd2 b4 {
Schwarz gewinnt Raum} 20. Nb5 bxa3 21. Nxa3 Bxa3 22. Rxa3 Nxe4 {
Motiv: Raeumung fuer den Zug f8-f1} 23. Re2 (23. Bxe4 Rf1# {
Als Mattkombination reif fuer die Taktikbuecher}) 23... Nd6 24. h3 (24. Rxa5 $2
{ist falsch} 24... e4 $19) 24... Rc5 25. Rd3 (25. c3 Rf4 $15) 25... e4 (25...
Nf5 $5 26. Bg4 g6 $17) 26. Bxe4 (26. Rxd6 $5 exf3 27. gxf3 Rxf3 28. Rdxe6 Rxh3+
29. Kg2 $15) 26... Nxe4 $17 1/2-1/2